000 00286nam a2200097Ia 4500
001 1141892
005 20250827010127.0
008 250824s9999 xx 000 0 und d
245 0 _aGÜL SOKAĞI NIN DİKENLERİ •J2 ¨157
_cZEYNEP CEMALİ
260 _bGÜNIŞIĞI KİTAPLIĞI YAYINLARI
999 _c1141892
_d1141892